Municipios españoles más poblados que comienzan con N - Estadísticas

Estadísticas generales
  • Esta prueba ha sido intentada 398 veces
  • La puntuación promedio es 5 de 20
Estadísticas de respuestas
Población Municipio Comunidad % Correcto
5.196 Nava Asturias
78%
21.850 Nerja Andalucía
53%
31.955 Navalcarnero Com. de Madrid
46%
39.070 Narón Galicia
43%
6.161 Navàs Cataluña
38%
33.034 Níjar Andalucía
36%
8.137 Navia Asturias
33%
8.050 Nájera La Rioja
32%
16.891 Navalmoral de la Mata Extremadura
31%
14.107 Noia Galicia
30%
25.792 Novelda Com. Valenciana
23%
18.038 Nigrán Galicia
19%
13.889 Nules Com. Valenciana
19%
8.394 Noáin Navarra
15%
6.903 Negreira Galicia
10%
8.198 Nàquera Com. Valenciana
9%
7.126 Nuevo Baztán Com. de Madrid
9%
6.112 Navarcles Cataluña
8%
5.474 Numancia de la Sagra Castilla-La Mancha
5%
5.222 Nambroca Castilla-La Mancha
4%
No se encontraron pruebas coincidentes
Distribución de puntuación
Porcentaje de gente con cada puntuación
Porcentaje por número respondido
Historial de tus puntuaciones
No has intentado esta prueba.